| 000 | 00378nam a2200157 a 4500 | ||
|---|---|---|---|
| 082 | 0 | 0 |
_a221 _bRAO |
| 100 | _aRao, Naveen | ||
| 245 | _aLife and Faith of the People of God | ||
| 260 |
_aKolkata, India _bSCEPTRE _c2013 |
||
| 300 | _a229p | ||
| 500 | _aincludes index and biblioraphy | ||
| 505 | 2 | _aWebliography | |
| 650 | _aTheology | ||
| 700 | 1 | _aRao, Naveen | |
| 942 | _cBK | ||
| 999 |
_c16632 _d16632 |
||